| 000 | 00385nam a2200145Ia 4500 | ||
|---|---|---|---|
| 008 | 230312s9999||||xx |||||||||||||| ||und|| | ||
| 082 |
_a005.133 _bMAZ-J |
||
| 100 | _aM. shehzad Mazhar | ||
| 245 | 0 | _aJava 2 | |
| 260 |
_bPrince Book Depot _aLahore |
||
| 300 | _a852 | ||
| 546 | _aEng. | ||
| 650 |
_aComputer _vObject oriented programming, input & output, networking, cobra |
||
| 942 | _cBK | ||
| 999 |
_c3147 _d3147 |
||